|
|
|
|
| LEADER |
00000nam a22000007a 4500 |
| 005 |
20220916230539.0 |
| 007 |
cr|||| |||| |
| 008 |
220916s2009 us |||||s|||| 00||0 eng d |
| 020 |
|
|
|a 978-1-5876-127-2
|
| 035 |
|
|
|a 36441
|
| 040 |
|
|
|a vLex
|
| 090 |
|
|
|c 13928
|d 13928
|
| 100 |
1 |
|
|a Strand, Margaret "Peggy"
|
| 245 |
1 |
0 |
|a Wetlands Deskbook
|h [Recurso electrn̤ico] /
|c Margaret "Peggy" Strand, Lowell Rothschild
|
| 256 |
|
|
|a Servicio en ln̕ea
|
| 260 |
|
|
|a Washington DC:
|b Environmental Law Institute,
|c 2009
|
| 300 |
|
|
|a 1 recurso electrn̤ico
|
| 506 |
1 |
|
|a Disponible solo en los productos indicados
|d vLex Global
|d vLex Global (Academic Edition, excluding Law Schools)
|d vLex Global (Academic Edition, Law Schools)
|
| 650 |
0 |
4 |
|a Derecho del Medio Ambiente
|z Estados Unidos
|
| 700 |
1 |
|
|a Rothschild, Lowell
|
| 740 |
0 |
|
|a vLex Libros (Servicio en ln̕ea)
|
| 856 |
4 |
0 |
|u https://app.vlex.com/#/sources/36441
|z Acceso restringido
|
| 942 |
|
|
|c BOOK
|
| 999 |
0 |
|
|a Environmental Law
|